000 00320nam a22001457a 4500
008 230913b ||||| |||| 00| 0 eng d
020 _a0521253381
041 _aeng
080 _a101
082 _a101DOD
100 _a44
101 _aFILOZ
245 _aTHE IDEAS OF PARTICLE PHYSICS
_cDODD .E.J
942 _2udc
_cBK
999 _c60376
_d60376